00677nam a2200193Ia 4500008004100000020001300041082001500054100006300069245004000132250000800172260003400180300003100214500001900245600002700264650005000291942000700341952012000348999001500468240925s9999 xx 000 0 und d a72315393 a004.21 WHI aWhitten, Jaffrey L.; Bentley ,Lonnie D.; Dittman, Kevin C. 0aSystems Analysis and Design Methods a5th aBoston:bMC Graw-Hillc,2000. axviii,678p.bNAfPhotocopy aIncludes Index aEngineering Technology aComputer science, information & general works cBK 001040708ETaUITUbUITUd2001-09-14eBook Netg120.00l0o004.21 WHIpQ3995r2024-09-25 07:13:21w2024-09-25yBK c6494d6494